000 00799nam a22002177a 4500
999 _c20352
_d20352
003 AR-CdUCM
008 190529b ||||| |||| 00| 0 spa d
040 _aMUNICIPALIDAD PROVINCIAL DEL CUSCO
_cBIBLIOTECA MUNICIPAL DEL CUSCO
082 _a309.8553 /
_bC77
100 _aCornejo, Cirilo A.
_942565
245 _aVisión objetiva del problema indígena :
_bPlanteamiento y solución inmediata /
260 _aLima :
_bContinente,
_c1959.
300 _a177 páginas ;
_c24 cm.
505 _aContenido : Vida política del indígena -- Aspectos importantes de su vida social -- Condición cultural y psicológica del indígena...
650 _aIndígena
_951
650 _aRealidad social
_917262
650 _aCultura
_9126
650 _aComunidades
_97021
942 _2ddc
_cLIBROS
945 _arcc